000
00317nam a22001457a 4500
008
210426b ||||| |||| 00| 0 eng d
020
_a
9781842772799
041
_a
eng
080
_a
339.9
082
_a
339.9
100
_a
59
101
_a
GLO
245
_a
Questioning Globalization
_c
Singh,K
942
_2
udc
_c
BK
999
_c
56734
_d
56734